Tolkien Ring Bearers - Statistics

General Stats
  • This quiz has been taken 96 times
  • The average score is 16 of 18
Answer Stats
Hint Answer % Correct
6. A hobbit of the Shire who found the One Ring after [5] lost it Bilbo Baggins
100%
7. Adopted nephew of [6], from whom inherited the One Ring after a notable eleventy-first birthday party Frodo Baggins
100%
5. Cousin of [4] whom he strangled for possession of his 'precious' the One Ring Smeagol
100%
8. Gardener who took the One Ring from [7], believing him to have been killed by the giant spider Shelob Samwise Gamgee
99%
1. The Lord of the Rings Sauron
99%
12. 'Half-Elven' Lord of Rivendale, son-in-law of [10], who inherited the greatest of the elven rings, Vilya, from [9] Elrond
97%
10. Great aunt of [9] and perhaps the wisest and most powerful of all elves by the time of the Lord of the Rings, sole bearer of Nenya (the Ring of Water) Galadriel
97%
13. Second among the Istar, appeared as a grey and bent old man, gifted Narya by [11] when he arrived in Middle Earth Gandalf
94%
3. High King of Gondor and Arnor, cut the One Ring from the finger of [1] Isildur
92%
4. Stoor hobbit who found the One Ring on the riverbed when he was pulled in by a large fish Deagol
91%
14. Dwarven King of the Longbeards who possibly received the mightiest of the seven Dwarven Rings form [2] directly, rather than [1] Durin III
90%
17. Once a powerful king of men, corrupted by one of the nine Rings of Men to become the commander and greatest of the Nazgul and commander of the armies of of [1] The Witch King of Angmar
86%
16. Dwarven King of the Longbeards, son of [15] and father of Thorin Oakenshield, became probably the last dwarf to possess a ring of power when [1] took it from him left him for dead in Dol Guldur Thrain II
85%
2. Known as the second greatest craftsman in Middle Earth History, forged sixteen of the rings with the guidance of [1] and three of the rings without his knowledge Celebrimbor
80%
11. Lord of the Grey Havens and, from the second age, the oldest elf left in Middle Earth, who received Narya (the Ring of Fire) from [9], upon the wishes of [2] Cirdan
80%
9. Last High King of the Noldor who was the first to bear two of the three elven rings: Narya (the Ring of Fire) and Vilya (the Ring of Air), the greatest of the three Gil-Galad
78%
15. Dwarven King of the Longbeards and descendant of [14] who ventured alone into Moria and was beheaded by the orc chieftain Azog Thror
78%
18. The only named Ringwraith, an Easterling king corrupted by one of the nine Rings of Men into a Nazgul; second in command to [17] Khamul
49%
No matching quizzes found
Score Distribution
Percent of People with Each Score
Percentile by Number Answered
Your Score History
You have not taken this quiz